000 00335nam a2200145 i 4500
001 bg
100 1 _aHUGHES, D. R.
245 0 _aProjectve planes /
_cD.R. Hughes, F.C. Piper.
260 _aNew York,
_c1973.
700 1 _aPIPER, F. C.
040 _cBPK
041 _apol
942 _cKS
008 s pl f |000 0 pol
999 _c26243
_d26243
856 _uhttp://koha.tu.koszalin.pl/cgi-bin/koha/opac-detail.pl?biblionumber=26243
_yKatalog online BPK